00324nam a2200109Ia 4500008004100000082000800041100000900049245004000058942000600098952009500104999001500199240331s9999 xx 000 0 und d bMAN aMana 0aAalumaikal sandhippukal urayadalkal cL 001040708LaWERCLbWERCLcSSCd2024-03-31l0o 808 MANp6471r2024-03-31w2024-03-31yL c4638d4638